Lisa - New Woman (with Rosalia) (Lyrics) - Statistics

General Stats
  • This quiz has been taken 62 times
  • The average score is 133 of 245
Answer Stats
Lyrics % Correct
I
96%
new
93%
a
85%
a,
85%
go,
85%
go
85%
I'm
85%
woman,
83%
woman
83%
the
78%
when
76%
you
74%
You
74%
So
70%
Here
65%
this?
65%
my
63%
Rosalia
63%
and
61%
face,
61%
Face,
61%
it,
61%
it
61%
Lalisa,
61%
walls
61%
on
59%
to
59%
want
59%
body
57%
eyes,
57%
Eyes,
57%
wild
57%
All
54%
all
54%
into
54%
gold
52%
Purple
52%
through
52%
aura
50%
Bangin'
50%
bangin'
50%
come
50%
fire
50%
up,
50%
up
50%
wanna
50%
mind,
48%
mind
48%
these
48%
again
46%
better
46%
better,
46%
Focus
46%
gone
46%
Pain
46%
serve,
46%
bitch,
43%
Bitch,
43%
crack
43%
brand
41%
time
41%
yeah
41%
about
39%
echo
39%
has
39%
fresh
37%
halls
37%
rediscover
37%
that
37%
that,
37%
swerve
35%
takin'
35%
Uh,
35%
uh
35%
bloom,
33%
bloom
33%
Pullin'
33%
Off
30%
oh,
30%
what
30%
your
30%
root
28%
Soak
28%
Hit
26%
Walked
26%
cut
24%
Revvin'
24%
alpha,
17%
bigger,
17%
from
17%
meal
17%
rose,
17%
au-au-au-au
15%
don't
15%
Gimme
15%
gimme
15%
mother
15%
out
15%
Kissed
13%
make
13%
sleeve
13%
Tryna
13%
blame
11%
Feeding
11%
frontier
11%
diva
9%
Elevate,
9%
liberate
9%
sucker,
9%
suffer,
9%
a-a-a-a
7%
Bad
7%
growin'
7%
luck
7%
say
7%
yuh
7%
gotta
2%
mu
2%
tougher
2%
No matching quizzes found
Score Distribution
Percent of People with Each Score
Percentile by Number Answered
Your Score History
You have not taken this quiz